| 000 | 01946nam a2200409Ia 4500 | ||
|---|---|---|---|
| 001 | dia_5787 | ||
| 003 | CHAP | ||
| 005 | 20250709184414.0 | ||
| 007 | ta | ||
| 008 | 220117s2014 mx abo f 001 0 spa d | ||
| 040 |
_amxchpua _cCHAP |
||
| 090 |
_aT.C.643 _bM45 IAI _c2014 |
||
| 245 | 1 | 0 |
_aInterrelación Agricultura Industria en la región sureste / _ccoordinador Amilcar Renán Mejenes Quijano ; colaboradores Yoshua Nayeli Argumedo Herrera...[y otros] |
| 260 |
_aMéxico : _bEl autor, _c2014 |
||
| 300 |
_a81 hojas : _bilustraciones, tablas, diagramas, mapas, fotos |
||
| 336 |
_2rdacontent _atexto _btxt |
||
| 337 |
_2rdamedia _ano mediado _bn |
||
| 338 |
_2rdacarrier _avolumen _bnc |
||
| 500 | _aGrado: 5° año Grupo: 03 Directorio: hoja 81 | ||
| 502 |
_aViaje de estudios _b(IAI) -- _cUACh. Departamento de Ingeniería Agroindustrial, _d2014 |
||
| 505 | 0 | 0 | _tEmpresas visitadas: -- 1.Citrus Pack -- 2.Rancho Guadalupe del Carmen -- 3.Rastro Municipal Palizada -- 4.Sistema de Desarrollo Rural -- 5.Asociación Ganadera, Palizada, Campeche -- 6.Cultivos de arroz -- 7.Secadora de arroz -- 8.Miel -- 9.Complejo Agrícola Chunhuas |
| 650 | 1 | 3 |
_aIndustria de productos agrícolas _9151277 |
| 650 | 1 | 3 |
_aMataderos _9159658 _zMéxico _zCampeche |
| 650 | 1 | 0 |
_aMiel y productos fabricados por abejas _zMéxico _zQuintana Roo _9157218 |
| 650 | 1 | 3 |
_aSlaughterhouses _9159659 _zMexico _zCampeche |
| 650 | 1 | 3 |
_aHorticultural products industry _9151276 |
| 650 | 1 | 0 |
_aHoney and bee products _zMexico _zQuintana Roo _9157217 |
| 700 | 1 |
_aMejenes Quijano, Amilcar Renán _9147387 _ecoordinador |
|
| 700 | 1 |
_aArgumedo Herrera, Yoshua Nayeli _9159577 _ecolaboradora |
|
| 856 | 4 | 2 |
_uhttp://10.13.5.2/ve/TC643IAI/TC643IAI2014-REPORTE.pdf _yDESCARGAR REPORTE |
| 901 | _aT.C.643 M45 IAI 2014 | ||
| 902 | _aA | ||
| 905 | _a5232272014 mx abml8223223322spa16 | ||
| 942 | _2local | ||
| 942 | _cVE | ||
| 999 |
_c176871 _d176871 |
||